El plan Brady y la negociación de la deuda mexicana.
Podrobný výklad Bradyho plánu v súvislosti s platením mexického zahraničného dlhu. Nástroje a doporučenia Bradyho plánu zadlženým krajinám. Situácia a názory obchodných bánk. Obnovenie rokovaní o mexickom dlhu - reakcia medzinárodných bánk na finančný plán r. 1989-1992 v Mexiku.
Na minha lista:
| Autor principal: | |
|---|---|
| Outros Autores: | |
| Formato: | Capítulo de Livro |
| Idioma: | espanhol |
| Assuntos: | |
| Tags: |
Sem tags, seja o primeiro a adicionar uma tag!
|
MARC
| LEADER | 00000naa a2200000 4500 | ||
|---|---|---|---|
| 001 | r003591 | ||
| 005 | 20220818104514.0 | ||
| 041 | 0 | |a spa | |
| 044 | |a MX | ||
| 245 | 1 | 0 | |a El plan Brady y la negociación de la deuda mexicana. |c T.C. Ebenroth, G. Gándara |
| 520 | |a Podrobný výklad Bradyho plánu v súvislosti s platením mexického zahraničného dlhu. Nástroje a doporučenia Bradyho plánu zadlženým krajinám. Situácia a názory obchodných bánk. Obnovenie rokovaní o mexickom dlhu - reakcia medzinárodných bánk na finančný plán r. 1989-1992 v Mexiku. | ||
| 610 | 2 | 0 | |a zadlženosť zahraničná |
| 610 | 2 | 0 | |a Mexiko |
| 610 | 2 | 0 | |a banky obchodné |
| 610 | 2 | 0 | |a Bradyho plán |
| 610 | 2 | 0 | |a 1989-1992 |
| 610 | 2 | 0 | |a banky medzinárodné |
| 100 | 1 | |a Ebenroth, T.C. | |
| 700 | 1 | |a Gándara, G. | |